Star Wars : (Record no. 409515)
[ view plain ]
| 000 -LEADER | |
|---|---|
| fixed length control field | 04074cam a2200553 i 4500 |
| 001 - CONTROL NUMBER | |
| control field | 1451794297 |
| 005 - DATE AND TIME OF LATEST TRANSACTION | |
| control field | 20250630164414.0 |
| 008 - FIXED-LENGTH DATA ELEMENTS--GENERAL INFORMATION | |
| fixed length control field | 240816s2025 nyua e 001 0 eng d |
| 020 ## - INTERNATIONAL STANDARD BOOK NUMBER | |
| International Standard Book Number | 9780593844212 |
| 020 ## - INTERNATIONAL STANDARD BOOK NUMBER | |
| International Standard Book Number | 0593844211 |
| 035 ## - SYSTEM CONTROL NUMBER | |
| System control number | (OCoLC)1451794297 |
| 035 ## - SYSTEM CONTROL NUMBER | |
| System control number | 2663602 |
| 035 ## - SYSTEM CONTROL NUMBER | |
| System control number | (OCoLC)on1451794297 |
| 040 ## - CATALOGING SOURCE | |
| Original cataloging agency | YDX |
| Language of cataloging | eng |
| Description conventions | rda |
| Transcribing agency | YDX |
| Modifying agency | OCLCO |
| -- | IG# |
| -- | BRG |
| -- | OCLCO |
| -- | DPL |
| 082 0# - DEWEY DECIMAL CLASSIFICATION NUMBER | |
| Classification number | 791.4375 |
| Edition number | 23 |
| 092 ## - LOCALLY ASSIGNED DEWEY CALL NUMBER (OCLC) | |
| Classification number | general nonfiction |
| Item number | 791.43 Lund, Kristin |
| 100 1# - MAIN ENTRY--PERSONAL NAME | |
| Personal name | Lund, Kristin, |
| Relator term | author. |
| 9 (RLIN) | 6547293 |
| 245 10 - TITLE STATEMENT | |
| Title | Star Wars : |
| Remainder of title | complete locations / |
| 250 ## - EDITION STATEMENT | |
| Edition statement | New edition. |
| 264 #1 - Production, Publication, Distribution, Manufacture, and Copyright Notice. | |
| Place of production, publication, distribution, manufacture | New York, New York : |
| Name of producer, publisher, distributor, manufacturer | DK Publishing, |
| Date of production, publication, distribution, manufacture, or copyr | 2025. |
| 300 ## - PHYSICAL DESCRIPTION | |
| Extent | 224 pages : |
| Other physical details | color illustrations ; |
| Dimensions | 31 cm. |
| 336 ## - Content Type | |
| Content type term | text |
| 336 ## - Content Type | |
| Content type term | still image |
| 337 ## - Media type | |
| Media type term | unmediated |
| 338 ## - Carrier type | |
| Carrier type term | volume |
| 500 ## - GENERAL NOTE | |
| General note | Includes index. |
| 500 ## - GENERAL NOTE | |
| General note | Material in this book previously published in: Inside the worlds of Star wars episode I; Inside the worlds of Star wars attack of the clones, Inside the worlds of Star wars trilogy, Star wars battles that changed the galaxy. |
| 500 ## - GENERAL NOTE | |
| General note | written by Kristin Lund (Episode I), Simon Beecroft (Episode II), Kerrie Dougherty (Episode III), James Luceno (Episodes IV-VI), Jason Fry (Episodes VII-VIII, Solo a Star Wars story), Emily Shkoukani (Episode IX, Andor, Rogue One: a Star Wars story, The Mandalorian) ; consultation by Curtis Saxton ; illustrated by Hans Jenssen, Richard Chasemore, John R. Mullaney, Kemp Remillard, Maxim Degtyarev, and Sofian Moumene; consultation by Curtis Saxton ; illustrated by Richard Chasemore, Hans Jenssen, Kemp Remillard, Maxim Degtyarev, Sofian Moumene, and John R. Mullaney ; additional illustrations by Robert E. Barnes, Richard Bonson, Greg Knight, Christian Piccolo, Chris Trevas, Alex Ivanov, Masahiko Tano, Roger Hutchins, Bill Le Fever, and Jon Hall ; forward by Doug Chiang. |
| 520 ## - SUMMARY, ETC. | |
| Summary, etc | "Explore the worlds of a galaxy far, far away with incredible cross-sections. With more than 60 intricate full-color artworks and 3D maps, explore iconic locations that bring the Star Wars saga to life. This updated edition has been comprehensively updated and includes incredible cross-sections from Star Wars: The Last Jedi, Star Wars: The Rise of Skywalker, Rogue One: A Star Wars Story, Solo: A Star Wars Story, Star Wars: The Mandalorian, and Star Wars: Andor. Uncover the unspeakable secrets of Darth Vader's castle. Explore the ancient Jedi ruins on Ahch-To. Discover the unmatched opulence of Canto Bight and the brutal efficiency of the Narkina-5 prison complex. Created in close collaboration with Lucasfilm, this book also contains the official map of the Star Wars galaxy, charting hundreds of planets from Ajan Kloss to Zygerria. This comprehensive book makes the perfect gift for any Star Wars fan. Readers will spend hours studying the fascinating artwork to gain new insights into iconic locations from their favorite saga." -- |
| 650 #0 - SUBJECT ADDED ENTRY--TOPICAL TERM | |
| Topical term or geographic name as entry element | Star Wars films |
| Form subdivision | Miscellanea. |
| 9 (RLIN) | 5673757 |
| 650 #0 - SUBJECT ADDED ENTRY--TOPICAL TERM | |
| Topical term or geographic name as entry element | Star Wars films |
| Form subdivision | Pictorial works. |
| 9 (RLIN) | 5748915 |
| 650 #0 - SUBJECT ADDED ENTRY--TOPICAL TERM | |
| Topical term or geographic name as entry element | Motion pictures |
| General subdivision | Setting and scenery |
| Form subdivision | Pictorial works. |
| 9 (RLIN) | 6547294 |
| 655 #7 - INDEX TERM--GENRE/FORM | |
| Genre/form data or focus term | Illustrated works. |
| Source of term | lcgft. |
| 9 (RLIN) | 5735598 |
| 655 #7 - INDEX TERM--GENRE/FORM | |
| Genre/form data or focus term | Trivia and miscellanea. |
| Source of term | lcgft. |
| 9 (RLIN) | 5707535 |
| 700 1# - ADDED ENTRY--PERSONAL NAME | |
| Personal name | Beecroft, Simon, |
| Relator term | author. |
| 9 (RLIN) | 5700473 |
| 700 1# - ADDED ENTRY--PERSONAL NAME | |
| Personal name | Dougherty, Kerrie, |
| Relator term | author. |
| 9 (RLIN) | 5852723 |
| 700 1# - ADDED ENTRY--PERSONAL NAME | |
| Personal name | Luceno, James, |
| Dates associated with a name | 1947- |
| Relator term | author. |
| 9 (RLIN) | 23396 |
| 700 1# - ADDED ENTRY--PERSONAL NAME | |
| Personal name | Fry, Jason, |
| Dates associated with a name | 1969- |
| Relator term | author. |
| 9 (RLIN) | 5673763 |
| 700 1# - ADDED ENTRY--PERSONAL NAME | |
| Personal name | Shkoukani, Emily, |
| Relator term | author. |
| 9 (RLIN) | 6547295 |
| 700 1# - ADDED ENTRY--PERSONAL NAME | |
| Personal name | Saxton, Curtis, |
| Relator term | consultant. |
| 9 (RLIN) | 68000 |
| 700 1# - ADDED ENTRY--PERSONAL NAME | |
| Personal name | Jenssen, Hans, |
| Dates associated with a name | 1963- |
| Relator term | illustrator. |
| 9 (RLIN) | 41904 |
| 700 1# - ADDED ENTRY--PERSONAL NAME | |
| Personal name | Chasemore, Richard, |
| Relator term | illustrator. |
| 9 (RLIN) | 42604 |
| 700 1# - ADDED ENTRY--PERSONAL NAME | |
| Personal name | Mullaney, John |
| Fuller form of name | (John R.), |
| Relator term | illustrator. |
| 9 (RLIN) | 6547296 |
| 700 1# - ADDED ENTRY--PERSONAL NAME | |
| Personal name | Remillard, Kemp, |
| Relator term | illustrator. |
| 9 (RLIN) | 6547297 |
| 700 1# - ADDED ENTRY--PERSONAL NAME | |
| Personal name | Degtyarev, Maxim, |
| Relator term | illustrator. |
| 9 (RLIN) | 6547298 |
| 700 1# - ADDED ENTRY--PERSONAL NAME | |
| Personal name | Moumene, Sofian, |
| Dates associated with a name | 1985- |
| Relator term | illustrator. |
| 9 (RLIN) | 6547299 |
| 700 1# - ADDED ENTRY--PERSONAL NAME | |
| Personal name | Chiang, Doug, |
| Relator term | author of introduction, etc. |
| 9 (RLIN) | 6381513 |
| 942 ## - ADDED ENTRY ELEMENTS (KOHA) | |
| Source of classification or shelving scheme | Dewey Decimal Classification |
| Koha item type | BOOK |
| Withdrawn status | Lost status | Source of classification or shelving scheme | Damaged status | Not for loan | Collection code | Home library | Current library | Shelving location | Date acquired | Source of acquisition | Total Checkouts | Total Renewals | Full call number | Barcode | Date last seen | Date checked out | Cost, replacement price | Price effective from | Koha item type |
|---|---|---|---|---|---|---|---|---|---|---|---|---|---|---|---|---|---|---|---|
| Dewey Decimal Classification | General NonFiction | Wasatch County Library | Wasatch County Library | Second Floor | 06/30/2025 | Ingram | 7 | 5 | 791.43 Lund | 34301002116764 | 03/09/2026 | 11/12/2025 | 50.00 | 06/30/2025 | BOOK |
